[Event "Tournoi Skype 026B"]
[Site "Skype"]
[Date "????.??.??"]
[Round "7.4"]
[White "Zenini, Simone"]
[Black "Cayllahua, Braulio Idme"]
[Result "1-0"]
[WhiteElo "1458"]
[BlackElo "1000"]
[PlyCount "63"]

1. d4 d5 2. c4 c6 3. Nc3 e6 4. Nf3 Nf6 5. e3 g6 6. Bd3 Bg7 7. O-O O-O 8. b3
Nbd7 9. Bb2 Nb6 10. e4 dxc4 11. bxc4 Qc7 12. e5 Nh5 13. Bc1 Bh8 14. Bh6 Re8 15.
Be2 Bg7 16. Be3 Bf8 17. Ne4 Be7 18. Bg5 Nd7 19. Bxe7 Rxe7 20. Nfg5 Ng7 21. Nf6+
Kh8 22. Ngxh7 Nxf6 23. exf6 Rd7 24. Ng5 Nf5 25. Nf3 c5 26. Qc1 Kh7 27. dxc5
Qxc5 28. Qg5 Qf8 29. g4 Nd4 30. Qh4+ Kg8 31. Ng5 Nxe2+ 32. Kh1 1-0

[Event "Tournoi Skype 026B"]
[Site "Skype"]
[Date "????.??.??"]
[Round "7.5"]
[White "Pourtahmasbi, Ednun"]
[Black "Perez, Luis Horacio"]
[Result "0-1"]
[WhiteElo "1000"]
[BlackElo "1323"]
[PlyCount "54"]

1. e4 d6 2. Nc3 Nf6 3. Nf3 c6 4. d4 e6 5. Bg5 Be7 6. Qe2 Nbd7 7. Qe3 Qb6 8. Bf4
Ng4 9. Qd2 f5 10. e5 dxe5 11. dxe5 Bb4 12. Be3 Nxe3 13. fxe3 Nc5 14. O-O-O Bd7
15. Bd3 O-O-O 16. Rhe1 h6 17. e4 Na4 18. exf5 Bxc3 19. Qxc3 Nxc3 20. bxc3 exf5
21. e6 Be8 22. Bxf5 Kb8 23. e7 Rd5 24. Be6 Rxd1+ 25. Rxd1 Qe3+ 26. Kb2 Qxe6 27.
Rd8+ Kc7 0-1

[Event "Tournoi Skype 026B"]
[Site "Skype"]
[Date "????.??.??"]
[Round "7.6"]
[White "Munoz Gonzalez, Martin"]
[Black "Yilmazer, Seher"]
[Result "1-0"]
[WhiteElo "1405"]
[BlackElo "1295"]
[PlyCount "113"]

1. d4 Nf6 2. Nf3 g6 3. Bf4 Bg7 4. Qc1 O-O 5. Bh6 Bxh6 6. Qxh6 c5 7. c3 Qb6 8.
Qc1 cxd4 9. Nxd4 Nc6 10. e3 e5 11. Nb3 h5 12. N1d2 a5 13. a4 d5 14. Qc2 Be6 15.
Be2 Bf5 16. Qd1 Be6 17. O-O Ne7 18. Nf3 d4 19. Bb5 dxe3 20. fxe3 Ng4 21. Re1
Nxe3 22. Rxe3 Nd5 23. Nbd4 Nxe3 24. Qd2 Nf5 25. Nxe5 Rad8 26. Rd1 f6 27. Nef3
Qc5 28. Kh1 Ng3+ 29. hxg3 f5 30. Qh6 Qd6 31. Qxg6+ Kh8 32. Qxh5+ Kg7 33. Qg5+
Kf7 34. Qh5+ Ke7 35. Qh4+ Rf6 36. Qh7+ Bf7 37. Ng5 Rf8 38. Nde6 Qxd1+ 39. Kh2
Qh5+ 40. Qxh5 Bxh5 41. Nxf8 Rxf8 42. Nf3 f4 43. gxf4 Rh8 44. Kg3 Kf6 45. b4 Kf5
46. Bd3+ Kf6 47. bxa5 Rg8+ 48. Kf2 Rg4 49. g3 Kg7 50. a6 bxa6 51. Bxa6 Kh6 52.
c4 Bf7 53. Ne5 Be6 54. Bb5 Bf5 55. Nxg4+ Bxg4 56. c5 Kh5 57. a5 1-0

[Event "Tournoi Skype 026B"]
[Site "Skype"]
[Date "????.??.??"]
[Round "7.7"]
[White "De Nobrega, George"]
[Black "Gerbaux, Regis"]
[Result "1-0"]
[WhiteElo "1301"]
[BlackElo "1404"]
[PlyCount "55"]

1. e4 c6 2. Nf3 d6 3. Nc3 e5 4. h3 Nf6 5. d4 exd4 6. Nxd4 Be7 7. Nf3 O-O 8. Bc4
Be6 9. Qd3 Bxc4 10. Qxc4 Nbd7 11. O-O Rc8 12. Qd3 Nc5 13. Qe3 Re8 14. e5 dxe5
15. Qxe5 Bd6 16. Qf5 g6 17. Qg5 Nfe4 18. Qxd8 Rcxd8 19. Nxe4 Rxe4 20. Be3 Rde8
21. Rad1 Na4 22. Rxd6 Nxb2 23. Rd7 Rb4 24. Bxa7 Ra4 25. Be3 Rxa2 26. Rxb7 Nc4
27. Bf4 Rxc2 28. Rb8 1-0

[Event "Tournoi Skype 026B"]
[Site "Skype"]
[Date "????.??.??"]
[Round "7.9"]
[White "Aroucha, Abraao"]
[Black "De Coninck, Philippe"]
[Result "0-1"]
[WhiteElo "1000"]
[BlackElo "1352"]
[PlyCount "68"]

1. c4 e5 2. g3 c6 3. Bg2 Nf6 4. d3 Bb4+ 5. Nd2 O-O 6. a3 Bc5 7. Ngf3 Ng4 8. O-O
Qb6 9. Ne4 d5 10. Nxc5 Qxc5 11. b4 Qe7 12. e3 Bf5 13. Nh4 Be6 14. Qc2 Nf6 15.
Nf3 Nbd7 16. cxd5 cxd5 17. Bb2 Rac8 18. Qa4 Bf5 19. Qb5 Rc7 20. Rac1 Rfc8 21.
Rxc7 Rxc7 22. Qa5 b6 23. Qb5 e4 24. dxe4 Bxe4 25. Rd1 Qd6 26. Ne5 Nxe5 27. Bxe5
Qxe5 28. Rxd5 Nxd5 29. Bxe4 Qxe4 30. f3 Qxe3+ 31. Kg2 Rc2+ 32. Kh3 Qe6+ 33. g4
Qh6+ 34. Kg3 Qxh2# 0-1

[Event "Tournoi Skype 026B"]
[Site "Skype"]
[Date "????.??.??"]
[Round "7.10"]
[White "Sanchez Padilla, Armando Edilber"]
[Black "Farfallini, Michel"]
[Result "1-0"]
[WhiteElo "1324"]
[BlackElo "1283"]
[PlyCount "59"]

1. e4 e5 2. Nf3 Nc6 3. Bb5 a6 4. Bxc6 dxc6 5. d3 f6 6. Nc3 Bg4 7. h3 Bh5 8. g4
Bf7 9. Nh4 Qd7 10. Be3 Bb4 11. Qd2 O-O-O 12. O-O-O Bxc3 13. Qxc3 Bxa2 14. g5
Ne7 15. gxf6 gxf6 16. Qc5 b6 17. Qa3 Be6 18. Qxa6+ Kb8 19. Kd2 Qc8 20. Qa4 Qb7
21. Ra1 Nc8 22. Ra3 Qa7 23. Qxc6 Qb7 24. Qxe6 Qxe4 25. Qa2 Qxh1 26. Nf5 Rhe8
27. Ng7 Rg8 28. Ne6 Rd7 29. Nc5 Rd5 30. Ra8# 1-0

[Event "Tournoi Skype 026B"]
[Site "Skype"]
[Date "????.??.??"]
[Round "7.11"]
[White "Malbec, Robert"]
[Black "Erten, Ozlem"]
[Result "0-1"]
[WhiteElo "1322"]
[BlackElo "1278"]
[PlyCount "56"]

1. e4 c6 2. d4 d5 3. Nc3 dxe4 4. Nxe4 Bf5 5. Ng3 Bg6 6. Nf3 e6 7. c3 Nf6 8. Bc4
Nbd7 9. O-O Be7 10. Re1 O-O 11. a3 c5 12. d5 Nxd5 13. Bxd5 exd5 14. Qxd5 b6 15.
Ne5 Nxe5 16. Qxd8 Raxd8 17. Rxe5 Rd1+ 18. Nf1 Bd3 19. Bd2 Rxa1 20. Re1 Rxe1 21.
Bxe1 Bxf1 22. Kxf1 Bg5 23. f3 Rd8 24. Ke2 g6 25. g3 Bc1 26. b4 Bxa3 27. b5 c4
28. g4 Rd5 0-1

[Event "Tournoi Skype 026B"]
[Site "Skype"]
[Date "????.??.??"]
[Round "7.12"]
[White "Bendre, Pankaj"]
[Black "Milanese, Serge"]
[Result "1-0"]
[WhiteElo "1461"]
[BlackElo "1311"]
[PlyCount "65"]

1. e4 e5 2. Nf3 Nc6 3. Bb5 Nf6 4. O-O a6 5. Ba4 Nxe4 6. Re1 d5 7. Bxc6+ bxc6 8.
Nxe5 Bd7 9. Nxd7 Qxd7 10. d3 Be7 11. dxe4 O-O 12. Bf4 Rfe8 13. e5 Qe6 14. Nd2
Bc5 15. Nf3 h6 16. Be3 d4 17. Bxd4 Rad8 18. c3 Qg6 19. Qc1 Bb6 20. Bxb6 cxb6
21. Qe3 Rd3 22. Qxb6 Rxf3 23. g3 Qc2 24. Kg2 Qf5 25. Qd4 Re6 26. Qe4 Rxf2+ 27.
Kg1 Qf3 28. Qxf3 Rxf3 29. Re2 g5 30. Rd1 Kg7 31. Kg2 Rf5 32. Rde1 Rfxe5 33.
Rxe5 1-0

[Event "Tournoi Skype 026B"]
[Site "Skype"]
[Date "????.??.??"]
[Round "7.13"]
[White "Felippe E Silva, Glenda"]
[Black "Cayo, Ana Carolina"]
[Result "0-1"]
[WhiteElo "1314"]
[BlackElo "1438"]
[PlyCount "70"]

1. d4 d5 2. Nf3 Nf6 3. Bf4 c5 4. e3 Nc6 5. c3 Qb6 6. Qb3 c4 7. Qxb6 axb6 8. Be2
Bf5 9. O-O e6 10. Nbd2 Be7 11. Ne5 h6 12. h3 O-O 13. a3 Rfc8 14. Rfe1 b5 15.
Bf3 Nxe5 16. Bxe5 Ne4 17. Nxe4 Bxe4 18. Bxe4 dxe4 19. g4 Ra6 20. Kg2 Rca8 21.
Kg3 b4 22. cxb4 Bxb4 23. Rec1 b5 24. Rab1 Be7 25. Kf4 f6 26. Bc7 Rc8 27. Kxe4
Rxc7 28. Rd1 Rd6 29. d5 Rcd7 30. Rd4 Rxd5 31. Rbd1 f5+ 32. Kf3 Rxd4 33. exd4
Bf6 34. gxf5 exf5 35. Rd2 Rxd4 0-1

[Event "Tournoi Skype 026B"]
[Site "Skype"]
[Date "????.??.??"]
[Round "7.14"]
[White "Luna Perez Vico, Lorenzo"]
[Black "Hernandez Lopez, Joaquin"]
[Result "1-0"]
[WhiteElo "1376"]
[BlackElo "1277"]
[PlyCount "75"]

1. Nf3 Nf6 2. g3 d5 3. d4 c6 4. Bg2 Ne4 5. Nbd2 f5 6. Ne5 Nf6 7. Ndf3 e6 8. a3
Bd6 9. Bf4 Ng4 10. Qd2 Qf6 11. Bg5 Qf8 12. h3 h6 13. Ng6 Qg8 14. Nxh8 Qxh8 15.
hxg4 fxg4 16. Ne5 Nd7 17. Nxg4 e5 18. Nxe5 Nxe5 19. dxe5 Bxe5 20. Qe3 g6 21.
Bf4 Kf7 22. Qxe5 Bg4 23. Qxh8 Rxh8 24. Rxh6 Re8 25. f3 Bf5 26. Rc1 Kg7 27. g4
Bc8 28. Kd2 a5 29. Rch1 b6 30. Rh7+ Kf6 31. Rh8 Rxh8 32. Rxh8 Be6 33. Rf8+ Kg7
34. Bd6 Kh6 35. Rf6 Bg8 36. Bc7 Kg7 37. Rxc6 b5 38. Bxa5 1-0

[Event "Tournoi Skype 026B"]
[Site "Skype"]
[Date "????.??.??"]
[Round "7.15"]
[White "Vincent, Andre"]
[Black "Battaglia, Gabriele"]
[Result "0-1"]
[WhiteElo "1358"]
[BlackElo "1243"]
[PlyCount "142"]

1. d4 Nf6 2. Bf4 g6 3. e3 Bg7 4. Nf3 O-O 5. Bd3 d6 6. Nbd2 Nbd7 7. O-O h6 8. c3
Nh5 9. Bg3 Nxg3 10. fxg3 e5 11. d5 Nc5 12. Bc2 Bg4 13. e4 Qd7 14. b4 Na6 15. a4
c6 16. Nb3 Rac8 17. c4 g5 18. Qd2 cxd5 19. cxd5 Nxb4 20. Rfc1 Nxc2 21. Rxc2
Rxc2 22. Qxc2 Rc8 23. Qb2 f5 24. Nfd2 fxe4 25. Nxe4 Rc4 26. Nbd2 Rxa4 27. Rxa4
Qxa4 28. Qxb7 Qd1+ 29. Nf1 Qd4+ 30. Nf2 e4 31. Qb8+ Bf8 32. Qb5 Bf5 33. Qb3 Qc5
34. Ne3 Bd7 35. h3 Bg7 36. Nxe4 Qc1+ 37. Kh2 Be5 38. Qb8+ Qc8 39. Qxa7 Qd8 40.
Nc4 Bf5 41. Nexd6 Bxd6 42. Qb6 Qxb6 43. Nxb6 Be4 44. Nc8 Bc5 45. d6 Kf8 46. d7
Be7 47. Nxe7 Kxe7 48. d8=Q+ Kxd8 49. g4 Ke7 50. Kg3 Ke6 51. Kf2 Ke5 52. g3 Kd4
53. h4 gxh4 54. gxh4 Ke5 55. Kg3 Bb1 56. h5 Kf6 57. Kh4 Bc2 58. Kg3 Kg5 59. Kf3
Bd1+ 60. Kg3 Bxg4 61. Kg2 Kxh5 62. Kg3 Bf5 63. Kf4 Bc8 64. Kg3 Bb7 65. Kf2 Kg4
66. Kg1 h5 67. Kh2 h4 68. Kg1 Kg3 69. Kf1 h3 70. Kg1 h2+ 71. Kf1 h1=Q+ 0-1

[Event "Tournoi Skype 026B"]
[Site "Skype"]
[Date "????.??.??"]
[Round "7.17"]
[White "Maccaferri, Massimo"]
[Black "Rodriguez, Nathalie"]
[Result "0-1"]
[WhiteElo "1160"]
[BlackElo "1268"]
[PlyCount "70"]

1. e4 e5 2. Qh5 Nc6 3. Bc4 g6 4. Qf3 Nf6 5. d3 Be7 6. g4 Nd4 7. Qd1 d6 8. c3
Bxg4 9. f3 Nxf3+ 10. Nxf3 Bd7 11. Bg5 h6 12. Be3 a6 13. d4 Nxe4 14. dxe5 Bh4+
15. Nxh4 Qxh4+ 16. Ke2 Bg4+ 17. Kd3 Bxd1 18. Rxd1 dxe5 19. Bd5 Rd8 20. Kc2
Qxh2+ 21. Nd2 Rxd5 22. Rh1 Qe2 23. Rad1 Qd3+ 24. Kc1 Qxe3 25. Rhe1 Qf4 26. Rxe4
Qf6 27. Ree1 O-O 28. Ne4 Qf4+ 29. Nd2 Rfd8 30. Rf1 Qg5 31. Rg1 Qe3 32. Rge1 Qf4
33. Rf1 Qa4 34. a3 b5 35. Ne4 Qxe4 0-1

[Event "Tournoi Skype 026B"]
[Site "Skype"]
[Date "????.??.??"]
[Round "7.19"]
[White "Baker, Abi"]
[Black "Bustos, Ricardo"]
[Result "1-0"]
[WhiteElo "1125"]
[BlackElo "1243"]
[PlyCount "55"]

1. c4 e5 2. Nc3 Nf6 3. e4 c6 4. d3 d6 5. Be3 Bg4 6. Be2 Be6 7. Qb3 Qc7 8. d4
exd4 9. Bxd4 Be7 10. Nf3 O-O 11. O-O-O Nbd7 12. Bd3 c5 13. Be3 Ng4 14. Qc2 Nde5
15. Nd5 Bxd5 16. exd5 Nxd3+ 17. Rxd3 Nxe3 18. Rxe3 Bf6 19. g4 h6 20. h4 Qa5 21.
b3 b5 22. g5 Bd4 23. Re7 Qa3+ 24. Kd2 Bxf2 25. gxh6 Qa5+ 26. Ke2 Bd4 27. Ng5
Rae8 28. Qh7# 1-0

[Event "Tournoi Skype 026B"]
[Site "Skype"]
[Date "????.??.??"]
[Round "7.21"]
[White "Vervoort, Jean-Louis"]
[Black "Rivalta, Paolo"]
[Result "1-0"]
[WhiteElo "1224"]
[BlackElo "1101"]
[PlyCount "91"]

1. d4 Nf6 2. Bf4 d6 3. e3 Bg4 4. Be2 Nbd7 5. Bxg4 g6 6. Nf3 Nxg4 7. h3 Ngf6 8.
O-O Bg7 9. Nc3 h5 10. Qd3 e6 11. Qc4 c6 12. Ng5 Qe7 13. Qb4 O-O-O 14. Bxd6 Qe8
15. Qa5 Nb6 16. Qxa7 Rxd6 17. Qxb6 Bh6 18. Nge4 Nxe4 19. Nxe4 Rd7 20. Nf6 Qe7
21. Nxd7 Qxd7 22. Rad1 f5 23. Qa7 Rd8 24. c4 Bg7 25. Rd3 g5 26. Rfd1 Qc7 27. b4
Rd6 28. c5 Rd5 29. Qa8+ Kd7 30. Qg8 Bf6 31. Qh7+ Be7 32. Qxh5 b6 33. cxb6 Qxb6
34. a3 Qa6 35. f3 f4 36. e4 Rb5 37. d5 c5 38. dxe6+ Kxe6 39. Qg6+ Bf6 40. Qg8+
Ke7 41. Qd8+ Kf7 42. Rd7+ Kg6 43. Qf8 Qe6 44. R1d6 Bd4+ 45. Kh1 Qxd6 46. Rxd6+
1-0

[Event "Tournoi Skype 026B"]
[Site "Skype"]
[Date "????.??.??"]
[Round "7.22"]
[White "Pasasin, Alejandro"]
[Black "Chavez, Isidro"]
[Result "1-0"]
[WhiteElo "1000"]
[BlackElo "1217"]
[PlyCount "58"]

1. d4 d5 2. Bf4 Nf6 3. e3 g6 4. Nc3 Bg7 5. Be2 O-O 6. g4 Bd7 7. h4 Qc8 8. g5
Bg4 9. gxf6 Bxe2 10. Qxe2 Bxf6 11. Bh6 Re8 12. Nxd5 c6 13. Nf4 e5 14. Bg5 Bxg5
15. hxg5 exf4 16. e4 f5 17. f3 fxe4 18. fxe4 Qe6 19. e5 Qf5 20. Nf3 Nd7 21. Kf1
c5 22. Qh2 Re7 23. Re1 cxd4 24. Nxd4 Qxg5 25. Rg1 Qxg1+ 26. Qxg1 Rf8 27. Qg5
Rff7 28. e6 h6 29. exf7+ Rxf7 1-0

[Event "Tournoi Skype 026B"]
[Site "Skype"]
[Date "????.??.??"]
[Round "7.23"]
[White "Hargez, Dany"]
[Black "Jimenez Cabrera, Rodolfo"]
[Result "0-1"]
[WhiteElo "1217"]
[BlackElo "1000"]
[PlyCount "32"]

1. d4 d5 2. c4 e6 3. c5 Nf6 4. Bf4 Nc6 5. Nc3 b6 6. Nb5 e5 7. dxe5 Nd7 8. e6
Nde5 9. exf7+ Kxf7 10. Nf3 Ba6 11. Nxe5+ Nxe5 12. Nc3 Nc6 13. Nxd5 Rc8 14. Qb3
Nd4 15. Qh3 Qxd5 16. Rd1 Nc2# 0-1

[Event "Tournoi Skype 026B"]
[Site "Skype"]
[Date "????.??.??"]
[Round "7.24"]
[White "Luunge, Abdi"]
[Black "Ruiz Gomez, Luz Alba"]
[Result "1-0"]
[WhiteElo "1000"]
[BlackElo "1211"]
[PlyCount "51"]

1. e4 e5 2. Nf3 Nc6 3. h3 Nf6 4. d3 Bc5 5. c3 O-O 6. Be2 d6 7. O-O Be6 8. Ng5
Bd7 9. Nd2 h6 10. Ngf3 Re8 11. Nb3 Bb6 12. Qc2 a5 13. a3 a4 14. Nbd2 Be6 15.
Nh4 Nd7 16. Nf5 Bxf5 17. exf5 Qf6 18. Bg4 Qd8 19. Qd1 Nf6 20. Ne4 d5 21. Ng3 e4
22. d4 Ne7 23. Nh5 Nxh5 24. Bxh5 Nxf5 25. Bg4 c5 26. Bxf5 1-0

[Event "Tournoi Skype 026B"]
[Site "Skype"]
[Date "????.??.??"]
[Round "7.25"]
[White "Swanepoel, Karel"]
[Black "Conde, Abigail"]
[Result "0-1"]
[WhiteElo "1038"]
[BlackElo "1068"]
[PlyCount "86"]

1. e4 e5 2. Nf3 d6 3. Bb5+ Bd7 4. Bc4 a6 5. a4 Nf6 6. Nc3 c6 7. O-O b5 8. axb5
Nxe4 9. bxc6 Bxc6 10. d4 Qe7 11. Re1 d5 12. Nxd5 Qd6 13. Rxe4 Bxd5 14. Rxe5+
Be6 15. c3 Be7 16. d5 O-O 17. Bg5 Nd7 18. Bxe7 Qxe7 19. d6 Qf6 20. Re4 Nc5 21.
Rd4 Rad8 22. Ra5 Nd7 23. Rxa6 h6 24. Bb5 Qg6 25. h3 Bxh3 26. Nh4 Qg5 27. Qa4
Rfe8 28. Bxd7 Re1+ 29. Kh2 Qe5+ 30. Kxh3 Rh1+ 31. Kg4 Qg5+ 32. Kf3 h5 33. Ra8
Qf6+ 34. Bf5 g5 35. Rxd8+ Qxd8 36. Qc6 g4+ 37. Bxg4 Rxh4 38. Bh3 Qf6+ 39. Ke3
Qe5+ 40. Kd3 Rf4 41. Qc8+ Kg7 42. d7 Rxf2 43. d8=Q Qe2# 0-1

[Event "Tournoi Skype 026B"]
[Site "Skype"]
[Date "????.??.??"]
[Round "7.26"]
[White "Moumtaz, Abderrahim"]
[Black "Borg, Anthony"]
[Result "1-0"]
[WhiteElo "1295"]
[BlackElo "1304"]
[PlyCount "125"]

1. d4 d5 2. c4 Nf6 3. cxd5 Nxd5 4. e4 Nf6 5. Nc3 e6 6. Bg5 Be7 7. e5 Nd5 8.
Bxe7 Nxe7 9. Nf3 O-O 10. Bd3 Nd7 11. O-O g6 12. Nh4 b6 13. f4 c5 14. Nf3 cxd4
15. Nxd4 Bb7 16. Be4 Nd5 17. Nxd5 exd5 18. Bf3 Nc5 19. Re1 Re8 20. Nb5 Qd7 21.
Nd6 Red8 22. Bxd5 Bxd5 23. Qxd5 Rf8 24. Rad1 Qc7 25. Nb5 Qe7 26. Qd6 Qh4 27.
Qd2 Rad8 28. Qf2 Qe7 29. Rxd8 Rxd8 30. Nd6 Ne6 31. Re2 Ng7 32. g4 Ne8 33. f5 g5
34. f6 Qe6 35. Nxe8 Rxe8 36. Qf5 Qxf5 37. gxf5 h6 38. h3 Rd8 39. Kf2 Rd1 40. b3
Rd4 41. Kf3 Rf4+ 42. Kg3 Rxf5 43. Kg4 Rf4+ 44. Kg3 Kh7 45. e6 fxe6 46. Rxe6 Kg6
47. f7+ Kxf7 48. Rxh6 Kg7 49. Rd6 Rf1 50. Kg4 Rg1+ 51. Kh5 Kf8 52. Rf6+ Ke7 53.
Rg6 Ra1 54. Rg7+ Kf6 55. Rxa7 Rh1 56. Kg4 Rg1+ 57. Kf3 Rf1+ 58. Kg2 Rd1 59. Ra6
Rd2+ 60. Kf3 Rxa2 61. Rxa2 Kg6 62. Ra6 Kh5 63. Rxb6 1-0

[Event "Tournoi Skype 026B"]
[Site "Skype"]
[Date "????.??.??"]
[Round "7.27"]
[White "Tolaro, Filippa"]
[Black "Conde, Carmen"]
[Result "0-1"]
[WhiteElo "1000"]
[BlackElo "1201"]
[PlyCount "90"]

1. d4 d5 2. Bf4 Nc6 3. Nf3 Bg4 4. e3 Nf6 5. h3 Bxf3 6. Qxf3 e6 7. c3 h6 8. Bd3
Be7 9. Qg3 g5 10. Bxc7 Qd7 11. Be5 Nxe5 12. dxe5 Nh5 13. Qf3 Rf8 14. Qxh5 O-O-O
15. Qxh6 Rh8 16. Qg7 Rdf8 17. Bh7 Qb5 18. Nd2 Qxb2 19. Rc1 Qxc1+ 20. Ke2 Qxh1
21. Qh6 g4 22. Qh5 Qxg2 23. hxg4 f6 24. exf6 Rxf6 25. Qh4 Rf7 26. g5 Rhxh7 27.
Qd4 Qxf2+ 28. Kd1 Rh1+ 29. Kc2 b6 30. g6 Bc5 31. Qg4 Rg7 32. Qxe6+ Kb7 33.
Qxd5+ Ka6 34. Qxh1 Bxe3 35. a4 Qxd2+ 36. Kb3 Ka5 37. Qc6 Qd3 38. Qe8 Rxg6 39.
Qe5+ Bc5 40. Qb8 a6 41. Qe8 Qd5+ 42. c4 Rg3+ 43. Kb2 Qd2+ 44. Kb1 Rg1+ 45. Qe1
Rxe1# 0-1

[Event "Tournoi Skype 026B"]
[Site "Skype"]
[Date "????.??.??"]
[Round "7.28"]
[White "Franco, Yolima"]
[Black "Mimouni, Driss"]
[Result "1-0"]
[WhiteElo "1408"]
[BlackElo "1052"]
[PlyCount "55"]

1. d4 d5 2. c4 e5 3. e3 Bb4+ 4. Nc3 Nf6 5. Bd2 O-O 6. dxe5 Bg4 7. f3 Bh5 8.
exf6 Qxf6 9. cxd5 Rd8 10. Qb3 Na6 11. Bxa6 bxa6 12. Qxb4 Rab8 13. Qc4 Qg6 14.
g4 Qb6 15. Na4 Qb7 16. gxh5 Rxd5 17. Ne2 Rxh5 18. Bc3 Qxf3 19. Rf1 Qxf1+ 20.
Kxf1 Rxh2 21. Kg1 Rh3 22. Rf1 Rf8 23. Qg4 g6 24. Qxh3 f5 25. Qh6 Rf7 26. Nf4 c6
27. Nxg6 hxg6 28. Qh8# 1-0

[Event "Tournoi Skype 026B"]
[Site "Skype"]
[Date "????.??.??"]
[Round "7.29"]
[White "Dib, Catherine"]
[Black "Torres, Vicky"]
[Result "0-1"]
[WhiteElo "1099"]
[BlackElo "1327"]
[PlyCount "118"]

1. Nc3 e5 2. Nf3 d6 3. d4 Nc6 4. e4 Nf6 5. Bc4 a6 6. O-O Be7 7. dxe5 dxe5 8.
Bd2 O-O 9. Re1 Bc5 10. Qe2 Nd4 11. Qd3 b5 12. Bd5 Nxd5 13. Nxd5 c6 14. Nb4 Qf6
15. Nxe5 Qxe5 16. Rac1 a5 17. c3 axb4 18. cxd4 Bxd4 19. Bxb4 c5 20. Bc3 Ba6 21.
Bxd4 cxd4 22. Rc6 Bb7 23. Rb6 Ra7 24. Rxb5 Ba6 25. Rxe5 Bxd3 26. a3 Bc4 27. Rc5
Ra4 28. Rc1 Be6 29. Rc6 d3 30. Rd6 Rxe4 31. Rxd3 Bf5 32. Rf3 Bg4 33. Rg3 Be2
34. f3 Rd4 35. b4 Rd2 36. Kf2 Ra2 37. Re1 Bc4+ 38. Ke3 Rxa3+ 39. Kd4 Bb5 40.
Kc5 Rb8 41. Rg4 Rc3+ 42. Kd4 Rc7 43. Rg5 Rc4+ 44. Kd5 Rxb4 45. Kc5 Rh4 46. Re7
Rh6 47. Rd5 Kf8 48. Rde5 Rc6+ 49. Kd5 Rc2 50. Kd6 Rxg2 51. Kc7 Re8 52. Kd6 Rg6+
53. Kd5 Rxe7 54. f4 Bc6+ 55. Kc5 Rxe5+ 56. fxe5 h6 57. h4 Re6 58. Kd4 f6 59.
Kc5 fxe5 0-1

[Event "Tournoi Skype 026B"]
[Site "Skype"]
[Date "????.??.??"]
[Round "7.30"]
[White "Porcabeuf, Jean-Marc"]
[Black "Schuh, David"]
[Result "1-0"]
[WhiteElo "1208"]
[BlackElo "1000"]
[PlyCount "41"]

1. e4 e5 2. Nf3 Nc6 3. d4 d6 4. Nc3 Nf6 5. Bc4 g6 6. O-O Bg7 7. d5 Nb4 8. Re1
O-O 9. Bg5 h6 10. Be3 Bg4 11. Be2 Re8 12. Qd2 c5 13. Bxh6 Bxh6 14. Qxh6 Rc8 15.
Rac1 Nxa2 16. Nxa2 Nxe4 17. h3 Bxf3 18. Bxf3 Nd2 19. Qxd2 Qb6 20. c4 Qxb2 21.
Qxb2 1-0

[Event "Tournoi Skype 026B"]
[Site "Skype"]
[Date "????.??.??"]
[Round "7.32"]
[White "Clayton, Estelita"]
[Black "De Fazio, Monica"]
[Result "0-1"]
[WhiteElo "1000"]
[BlackElo "1136"]
[PlyCount "74"]

1. b3 b6 2. Bb2 Bb7 3. f3 d6 4. d3 e5 5. Nh3 h6 6. Nd2 Nd7 7. g3 g6 8. Bg2 Bg7
9. O-O Ngf6 10. e4 d5 11. d4 Qe7 12. dxe5 Nxe5 13. Bxe5 Qxe5 14. f4 Qd4+ 15.
Nf2 dxe4 16. Bxe4 Bxe4 17. Ndxe4 Nxe4 18. Qxd4 Bxd4 19. Rad1 Bxf2+ 20. Rxf2
Nxf2 21. Kxf2 Rd8 22. Re1+ Kf8 23. Kf3 Kg7 24. Re7 Rc8 25. c4 Rhe8 26. Rxe8
Rxe8 27. a4 Re1 28. h4 Rb1 29. Kg4 Rxb3 30. h5 f5+ 31. Kh4 Rf3 32. hxg6 Kxg6
33. Kh3 Ra3 34. Kh4 Rxa4 35. g4 Rxc4 36. gxf5+ Kf6 37. Kg4 a5 0-1

[Event "Tournoi Skype 026B"]
[Site "Skype"]
[Date "????.??.??"]
[Round "7.33"]
[White "Barrionuevo, Hilario"]
[Black "Abate, Luigi"]
[Result "0-1"]
[WhiteElo "1106"]
[BlackElo "1000"]
[PlyCount "80"]

1. d4 d5 2. Nf3 Nf6 3. Bf4 Bf5 4. e3 e6 5. Bb5+ Nbd7 6. Nc3 Bb4 7. O-O O-O 8.
Bd3 Bxc3 9. bxc3 Nb6 10. Bxf5 exf5 11. Qd3 Ne4 12. Ng5 Nxg5 13. Qxf5 Ne4 14.
Qg4 Nc4 15. Bh6 Qf6 16. f3 Nxc3 17. Rfe1 Qxh6 18. e4 Ne3 19. Qg3 Nxc2 20. Rac1
Nxe1 21. Rxe1 Rfe8 22. e5 Qd2 23. Kf1 Qd3+ 24. Kf2 Qxd4+ 25. Kf1 Qd3+ 26. Kf2
Nd1+ 27. Kg1 f6 28. h4 Qd4+ 29. Kh2 Ne3 30. f4 fxe5 31. Rxe3 exf4 32. Qxf4
Qxf4+ 33. Rg3 Qxh4+ 34. Rh3 Qg4 35. g3 Rf8 36. Rh4 Qe2+ 37. Kh3 Rf7 38. g4 Qe3+
39. Kh2 Rf2+ 40. Kg1 Qe1# 0-1

[Event "Tournoi Skype 026B"]
[Site "Skype"]
[Date "????.??.??"]
[Round "7.35"]
[White "Hampton, Irene"]
[Black "Ramirez, Luis Antonio"]
[Result "0-1"]
[WhiteElo "1000"]
[BlackElo "1139"]
[PlyCount "84"]

1. d4 Nf6 2. Nf3 d6 3. Bf4 g6 4. e3 Nc6 5. Bd3 Bg7 6. Nbd2 O-O 7. c3 Bf5 8. e4
Bg4 9. h3 e5 10. Bg5 h6 11. Bxf6 Qxf6 12. hxg4 Qf4 13. Rh4 g5 14. g3 Qf6 15.
Rh2 Qg6 16. Qe2 Rfe8 17. O-O-O Bf8 18. d5 Ne7 19. Bb5 a6 20. Bxe8 Rxe8 21. a3
c6 22. Nb3 cxd5 23. Na5 Rb8 24. exd5 e4 25. Nd4 Nxd5 26. f3 Nc7 27. fxe4 b6 28.
Nac6 Ra8 29. e5 a5 30. Re1 Re8 31. Nf5 Qe6 32. Rh5 dxe5 33. Nxe5 Bg7 34. Qe4
Bxe5 35. Nxh6+ Kf8 36. Rxg5 Qxh6 37. Qf5 Bf6 38. Rxe8+ Nxe8 39. Qf4 Bxg5 40.
Qd2 Nf6 41. Kc2 Qg6+ 42. Kd1 Ne4 0-1

[Event "Tournoi Skype 026B"]
[Site "Skype"]
[Date "????.??.??"]
[Round "7.36"]
[White "Alverson, Ginny"]
[Black "Gagnon, Sindy"]
[Result "0-1"]
[WhiteElo "1083"]
[BlackElo "1032"]
[PlyCount "58"]

1. Nf3 d6 2. d4 e5 3. Bg5 Be7 4. dxe5 Bxg5 5. exd6 cxd6 6. Qd5 Qe7 7. Nxg5 Nf6
8. Qd2 h6 9. Nf3 O-O 10. Nc3 Nc6 11. O-O-O Ne4 12. Nxe4 Qxe4 13. e3 Bf5 14. Bd3
Qe6 15. Bxf5 Qxf5 16. Nd4 Nxd4 17. exd4 Rac8 18. Qd3 Qh5 19. Rd2 a5 20. Kb1 b5
21. Qe4 b4 22. Qf3 Qb5 23. Qd3 Qd5 24. Re1 a4 25. Qf3 Qc4 26. Rc1 b3 27. axb3
axb3 28. c3 Qa4 29. Qf4 Ra8 0-1

[Event "Tournoi Skype 026B"]
[Site "Skype"]
[Date "????.??.??"]
[Round "7.37"]
[White "Marty, Yvette"]
[Black "Trapletti, Cosetta"]
[Result "0-1"]
[WhiteElo "1000"]
[BlackElo "1047"]
[PlyCount "34"]

1. e4 e5 2. d3 Nc6 3. Nf3 Bc5 4. Be2 d6 5. Nc3 Nf6 6. Bg5 Be6 7. Bh4 Qd7 8. d4
Nxd4 9. O-O O-O 10. b3 Qc6 11. Nxd4 exd4 12. Bxf6 dxc3 13. Qd3 d5 14. Qg3 g6
15. Qe5 Bd6 16. Bh8 Bxe5 17. Bxe5 dxe4 0-1

[Event "Tournoi Skype 026B"]
[Site "Skype"]
[Date "????.??.??"]
[Round "7.38"]
[White "Florez Beltran, Leidy Lucila"]
[Black "Trolese, Caterina"]
[Result "1/2-1/2"]
[WhiteElo "1000"]
[BlackElo "1000"]
[PlyCount "46"]

1. e4 d6 2. Nf3 Nf6 3. Nc3 g6 4. d4 Nbd7 5. Bc4 Bg7 6. Bf4 h6 7. e5 Nh5 8. Bg3
Nxg3 9. hxg3 dxe5 10. dxe5 b6 11. Qe2 Bb7 12. O-O-O e6 13. Nb5 O-O 14. g4 Bxf3
15. gxf3 Qg5+ 16. Rd2 Nxe5 17. Qe3 Nxc4 18. Qxg5 hxg5 19. Rd4 Nxb2 20. Rb4 c6
21. Na3 a5 22. Rxb2 Bxb2+ 23. Kxb2 Rac8 1/2-1/2